Befejeződtek a szabadtéri játékok
Elmentve itt :
| Dokumentumtípus: | Cikk |
|---|---|
| Megjelent: |
1977-08-23
|
| Sorozat: | Délmagyarország
67 No. 197 |
| Kulcsszavak: | Szabadtéri Játékok |
| Online Access: | http://dmarchiv.bibl.u-szeged.hu/123038 |
| LEADER | 00415nab a2200145 i 4500 | ||
|---|---|---|---|
| 001 | delm123038 | ||
| 005 | 20190528105903.0 | ||
| 008 | 190528s1977 hu o 0|| hun d | ||
| 040 | |a SZTE Délmagyarország Archívum |b hun | ||
| 041 | |a hun | ||
| 245 | 0 | 0 | |a Befejeződtek a szabadtéri játékok |h [elektronikus dokumentum] |
| 260 | |c 1977-08-23 | ||
| 300 | |a 1 | ||
| 490 | 0 | |a Délmagyarország |v 67 No. 197 | |
| 695 | |a Szabadtéri Játékok | ||